| 000 | 00738nas a22001817a 4500 | ||
|---|---|---|---|
| 999 |
_c121103 _d121103 |
||
| 001 | K121103 | ||
| 007 | ta | ||
| 008 | 190823b2019 ||||| |||| 00| 0 eng d | ||
| 041 | _aeng | ||
| 100 | _aCharlwood, Ralph | ||
| 245 | _aStarting out your APC journey | ||
| 490 |
_aEstates Gazette _v(1931) 3 August 2019, 44-45 |
||
| 520 | _aAdvises RICS Assessment of Professional Competencies (APC) new candidates on what to expect. Highlights the importance of professional work experience, support network including a counsellor, familiarity with RICS APC guidance, awareness of routes, pathways and competencies and managing expectations. | ||
| 650 | _aPathways | ||
| 650 | _aCompetences | ||
| 651 | _aUnited Kingdom 1973 | ||
| 690 |
_96216 _aAPC |
||